| 000 | 01676cam a2200325 i 4500 | ||
|---|---|---|---|
| 001 | 991026811534507026 | ||
| 003 | UkOxU | ||
| 005 | 20250616075303.0 | ||
| 008 | 231108s2023 enkab e 000 1 eng|d | ||
| 020 |
_a9781526664754 _qpaperback |
||
| 035 | _a(OCoLC)1407834185 | ||
| 035 | _a(OCoLC)on1407834185 | ||
| 040 |
_aAU@ _beng _erda _cAU@ _dOCLCF _dOCLCO _dOCLCQ _dUkOxU |
||
| 041 | _aeng | ||
| 100 |
_aShannon, Samantha _d1991- _eauthor. |
||
| 245 | 1 | 4 |
_aThe bone season _b: author's preferred text _c/ Samantha Shannon. |
| 250 | _aFully revised with new material. | ||
| 250 | _aAnniversary edition. | ||
| 264 | 1 |
_aLondon : _bBloomsbury Publishing, _c2023. |
|
| 300 |
_ax, 599 pages : _billustrations, maps ; _c20 cm. |
||
| 490 |
_aBone season novel ; _v1 |
||
| 500 | _aFully revised with new material. | ||
| 500 | _aOriginally published: 2013. | ||
| 520 | _aThe year is 2059. For two centuries, the Republic of Scion has led an oppressive campaign against unnaturalness in Europe. In London, Paige Mahoney holds a high rank in the criminal underworld. The right hand of the ruthless White Binder, Paige is a dreamwalker, a rare and formidable kind of clairvoyant. Under Scion law, she commits treason simply by breathing. When Paige is arrested for murder, she meets the mysterious founders of Scion, who have designs on her uncommon abilities. If she is to survive and escape, Paige must use every skill at her disposal - and put her trust in someone who ought to be her enemy. | ||
| 650 | 0 |
_aYoung women _vFiction. _924099 |
|
| 650 | 0 |
_aClairvoyants _vFiction. |
|
| 651 | 0 |
_aLondon (England) _vFiction. _924106 |
|
| 655 | 7 |
_aFantasy fiction _922510 |
|
| 942 | _2lcc | ||
| 999 |
_c4715 _d4715 |
||